A history of architectural conservation / (Record no. 76300)

MARC details
000 -LEADER
fixed length control field 01121nam a2200229 a 4500
008 - FIXED-LENGTH DATA ELEMENTS--GENERAL INFORMATION
fixed length control field 060316s1999 ||||||||||||||||| || u
020 ## - INTERNATIONAL STANDARD BOOK NUMBER
International Standard Book Number 0750637935
050 ## - LIBRARY OF CONGRESS CALL NUMBER
Classification number NA 105 Jok
100 ## - MAIN ENTRY--PERSONAL NAME
Personal name Jokilehto, Jukka
245 12 - TITLE STATEMENT
Title A history of architectural conservation /
260 ## - PUBLICATION, DISTRIBUTION, ETC.
Place of publication, distribution, etc. Oxford, Eng. :
Name of publisher, distributor, etc. Butterworth-Heinemann
Date of publication, distribution, etc. 1999.
300 ## - PHYSICAL DESCRIPTION
Extent xiv, 354 pages, [16] pages of colored plates : illustrations (some colored)
350 ## -
-- 0.00
490 ## -
-- Butterworth-Heinemann series in conservation and museology
500 ## - GENERAL NOTE
General note Includes bibliographical references (p. 319-340) and index.
650 ## - SUBJECT ADDED ENTRY--TOPICAL TERM
Topical term or geographic name entry element CULTURAL PROPERTY--PROTECTION
650 ## - SUBJECT ADDED ENTRY--TOPICAL TERM
Topical term or geographic name entry element TEXTBOOKS
856 ## - ELECTRONIC LOCATION AND ACCESS
Uniform Resource Identifier http://www.loc.gov/catdir/description/els033/99203427.html
856 ## - ELECTRONIC LOCATION AND ACCESS
Uniform Resource Identifier http://www.loc.gov/catdir/toc/els033/99203427.html
995 ## -
-- MAIN LIBRARY OPEN ACCESS
-- 742846
-- CBU-MAIN LIBRARY (Kitwe)
-- 0.00
-- NA 105 Jok
-- 2
-- AVAILABLE
-- Jun 20, 2012
-- 742846
-- Main Library Open Access Collection
995 ## -
-- MAIN LIBRARY OPEN ACCESS
-- 0.00
-- 730802
-- CBU-MAIN LIBRARY (Kitwe)
-- 1
-- 28.00
-- NA 105 Jok
-- 1
-- AVAILABLE
-- 028041
-- Main Library Open Access Collection
999 ## -
-- 76300
-- 76300
Holdings
Withdrawn status Lost status Source of classification or shelving scheme Damaged status Not for loan Permanent Location Current Location Shelving location Date acquired Total Checkouts Full call number Barcode Date last seen Copy number Price effective from Koha item type
          CBU-MAIN LIBRARY, KITWE. CBU-MAIN LIBRARY, KITWE.   04/25/2023   NA 105 Jok 742846 04/25/2023 1 04/25/2023 MONOGRAPH
          CBU-MAIN LIBRARY, KITWE. CBU-MAIN LIBRARY, KITWE.   04/25/2023   NA 105 Jok 028041 04/25/2023 2 04/25/2023 MONOGRAPH